| 000 | 00401nam a22001337a 4500 | ||
|---|---|---|---|
| 020 | _a9788126537228 | ||
| 082 |
_222 _a658.472 |
||
| 100 | _aRainer, R. Kelly and Cegielski, Gasey G. | ||
| 245 |
_aIntroduction to information systems : _benabling and transforming business / |
||
| 250 | _a3rd. | ||
| 260 |
_aNew Delhi, _bWiley and Sons, _cc2012. |
||
| 300 |
_axiv, 538p. ; _bill. ; _c23 cm. |
||
| 942 |
_2ddc _cMAG |
||
| 999 |
_c947 _d947 |
||